000 00640nam a2200181Ia 4500
005 20250508153048.0
008 008 250505s9999 xx 000 0 eng d
037 _aTextual
040 _aFEDL
_beng
_cFEDL
041 _aeng
_2eng
084 _a371.73, CUR
_qFEDL
100 _aCureton Thomas Kirk (et.al).
_9763089
245 0 _aEndurance of young men : Analysis of endurance exercises and methods of evaluating motor eitness
260 _aWashington, USA
_bSociety for Research in Child Development, National Research Council
_c1945
300 _axxiii,284p
942 _cTEXL
_h371.73, CUR
999 _c1340462
_d1340462